Most Subscribed YouTubers (2023) - Statistics

General Stats
  • This quiz has been taken 31 times
    20 since last reset
  • The average score is 9 of 50
Answer Stats
Subscribers Channel % Correct
146 Million MrBeast
94%
32 Million MrBeast Gaming
88%
111 Million PewDiePie
82%
31.5 Million Dream
35%
34.7 Million Markiplier
35%
29.4 Million Jacksepticeye
29%
25 Million Smosh
29%
26.8 Million DanTDM
24%
59.3 Million Dude Perfect
24%
33.5 Million SSSniperWolf
24%
45 Million A4
12%
28.4 Million AboFlah
12%
26 Million Brent Rivera
12%
38.4 Million CarryMinati
12%
30.1 Million Lucas and Marcus
12%
40.4 Million elrubiusOMG
12%
27.4 Million Enaldinho
12%
45 Million Felipe Neto
12%
45.8 Million Fernanfloo
12%
43.5 Million HolaSoyGerman
12%
26.2 Million Jess No Limit
12%
37.1 Million Jkk Entertainment
12%
47.7 Million JuegaGerman
12%
40.4 Million Kimberly Loaiza
12%
40.3 Million Luisito Comunica
12%
37.3 Million Mikecrack
12%
30.6 Million Mr Indian Hacker
12%
26.6 Million Renato Garcia
12%
31.9 Million rezendeevil
12%
29.6 Million Round2hell
12%
32.7 Million Techno Gamerz
12%
29.1 Million TheDonato
12%
34.7 Million Total Gaming
12%
25.8 Million VanossGaming
12%
33.7 Million VEGETTA777
12%
44.4 Million Voce Sabia
12%
44 Million whinderssonnunes
12%
30.3 Million AH
6%
29.5 Million ashish chanchlani vines
6%
29.2 Million AuronPlay
6%
26.1 Million BB Ki Vines
6%
26.3 Million BETER BOCUK
6%
26.5 Million Crazy XYZ
6%
31.1 Million DONA 도나
6%
33.3 Million KHANDESHI MOVIES
6%
25.7 Million LosPolinesios
6%
31.9 Million Ricis Official
6%
27.4 Million Sandeep Maheshwari
6%
25.2 Million ZHC
6%
25.9 Million Zhong
6%
No matching quizzes found
Score Distribution
Percent of People with Each Score
Percentile by Number Answered
Your Score History
You have not taken this quiz since the last reset